La estructura de la acción social (Record no. 176039)

MARC details
000 -LEADER
campo de control de longitud fija 01131nam a22002775i 4500
001 - NÚMERO DE CONTROL
campo de control 176039
003 - IDENTIFICADOR DE NÚMERO DE CONTROL
campo de control ES-MaACL
005 - FECHA Y HORA DE LA ÚLTIMA TRANSACCIÓN
campo de control 20250805062616.0
008 - DATOS DE LONGITUD FIJA--INFORMACIÓN GENERAL
campo de control de longitud fija 101213s1968 sp |||| | spa d
080 ## - NÚMERO DE LA CLASIFICACIÓN DECIMAL UNIVERSAL
Número de la Clasificación Decimal Universal 316
080 ## - NÚMERO DE LA CLASIFICACIÓN DECIMAL UNIVERSAL
Número de la Clasificación Decimal Universal 329.15
100 1# - ENTRADA PRINCIPAL--NOMBRE DE PERSONA
Nombre de persona Parsons, Talcott.
9 (RLIN) 89287
245 13 - MENCIÓN DEL TÍTULO
Título La estructura de la acción social
Resto del título : estudio de teoría social, con referencia a un grupo de recientes escritores europeos /
Mención de responsabilidad, etc. Talcott Parsons ; [lo tradujeron al castellano Juan José Caballero y José Castillo Castillo].
260 ## - PUBLICACIÓN, DISTRIBUCIÓN, ETC.
Lugar de publicación, distribución, etc. Madrid :
Nombre del editor, distribuidor, etc. Guadarrama,
Fecha de publicación, distribución, etc. D. L. 1968.
300 ## - DESCRIPCIÓN FÍSICA
Extensión 2 v. ;
Dimensiones 22 cm.
490 1# - MENCIÓN DE SERIE
Mención de serie Biblioteca de ciencias humanas ;
Designación de volumen o secuencia 6
500 ## - NOTA GENERAL
Nota general Índices.
504 ## - NOTA DE BIBLIOGRAFÍA, ETC.
Nota de bibliografía, etc. Bibliografía.
594 ## - Nota al título y mención de responsabilidad
Nota al título y mención de responsabilidad Tít. original: The structure of social action : a study in Social Theory with special reference to a group of recent european writers.
650 07 - PUNTO DE ACCESO ADICIONAL DE MATERIA--TÉRMINO DE MATERIA
Término de materia o nombre geográfico como elemento de entrada Sociología
Fuente del encabezamiento o término embne
9 (RLIN) 17195
700 0# - ENTRADA AGREGADA--NOMBRE PERSONAL
Nombre de persona Caballero, Juan José.
9 (RLIN) 33087
700 0# - ENTRADA AGREGADA--NOMBRE PERSONAL
Nombre de persona Castillo Castillo, José.
9 (RLIN) 36731
830 0# - PUNTO DE ACCESO ADICIONAL DE SERIE-TÍTULO UNIFORME
Título uniforme Biblioteca de ciencias humanas ;
Designación de volumen o secuencia 6
9 (RLIN) 189910
852 ## - LOCALIZACIÓN
Ubicación ES-MaACL
Número de control de estantería E-13775-76
Encuadernación Olim P-1350
Holdings
Estatus retirado Estado de pérdida Estado de daño No para préstamo Biblioteca de origen Biblioteca actual Ubicación en estantería Fecha de adquisición Fuente de adquisición Total de préstamos Signatura topográfica completa Código de barras Visto por última vez Precio de reemplazo Tipo de ítem Koha
        Biblioteca del Ateneo de Madrid Biblioteca del Ateneo de Madrid Depósito 2 13/12/2010     E-13775-76 1184877 23/02/2023 23/02/2023 Libro impreso